000 01465nam a2200349Ia 4500
001 ebr10318416
003 CaPaEBR
006 m u
007 cr cn|||||||||
008 020117s2002 mauaf sb 001 0 eng d
010 _z 2002017151
020 _z9780674016125
020 _z0674008480 (alk. paper)
040 _aCaPaEBR
_cCaPaEBR
035 _a(OCoLC)433551015
050 1 4 _aF1787.5
_b.S96 2002eb
100 1 _aSweig, Julia.
245 1 0 _aInside the Cuban Revolution
_h[electronic resource] :
_bFidel Castro and the urban underground /
_cJulia E. Sweig.
260 _aCambridge, MA :
_bHarvard University Press,
_c2002.
300 _axv, 254 p., [12] p. :
_bill.
504 _aIncludes bibliographical references (p. [241]-248) and index.
533 _aElectronic reproduction.
_bPalo Alto, Calif. :
_cebrary,
_d2009.
_nAvailable via World Wide Web.
_nAccess may be limited to ebrary affiliated libraries.
600 1 0 _aCastro, Fidel,
_d1926-
_xRelations with revolutionaries.
610 2 0 _aMovimiento Revolucionario 26 de Julio.
650 0 _aRevolutionaries
_zCuba
_xAttitudes.
650 0 _aGuerrillas
_zCuba
_xAttitudes.
651 0 _aCuba
_xHistory
_y1933-1959.
651 0 _aCuba
_xHistory
_yRevolution, 1959
_xUnderground movements.
655 7 _aElectronic books.
_2local
710 2 _aebrary, Inc.
856 4 0 _uhttp://site.ebrary.com/lib/rucke/Doc?id=10318416
_zAn electronic book accessible through the World Wide Web; click to view
999 _c59748
_d59748